La torre de la muerte.

Saved in:
Bibliografiske detaljer
Hovedforfatter: Lemus, Tamara (autora)
Format: Bog
Udgivet: Santiago, Chile: MAGO Editores, 2020.
Udgivelse:1a. edición.
Serier:Viaje al fin de la noche.
Fag:
Tags: Tilføj Tag
Ingen Tags, Vær først til at tagge denne postø!

MARC

LEADER 00000nam a22000007a 4500
003 CL-VaPUC
005 20240910155649.0
008 240827t2020 ||||| |||| 00| 0 eng d
999 |c 444519  |d 444517 
020 |a 9789563175851 
040 |c Pontificia Universidad Católica de Valparaíso 
082 7 |a Ch863 LEM 2020  |2 22 
100 |9 890865  |a Lemus, Tamara  |e autora 
245 |a La torre de la muerte. 
250 |a 1a. edición. 
260 |a Santiago, Chile:  |b MAGO Editores,  |c 2020. 
300 |a 392 páginas. 
490 |a Viaje al fin de la noche. 
500 |a c.1 Donación a la Biblioteca Abierta de Curauma por la misma autora del libro, Srta. Tamara Lemus, estudiante de la carrera de Bioquímica. Realizada el 26 de agosto de 2024. 
583 |c 20240827  |k Gabriela Rodríguez Cuevas 
650 0 |9 307631  |a Novela chilena   |x Suspenso  
650 0 |9 309909  |a Literatura juvenil   |z Chile 
942 |2 ddc  |c BK 
952 |0 0  |1 0  |2 ddc  |4 0  |6 CH_863_000000000000000_LEM_2020  |7 0  |8 C  |9 596486  |a BIBCUR  |b BIBCUR  |d 2024-08-27  |e Donación  |i 5662581  |l 2  |m 2  |o Ch863 LEM 2020  |p 5662581  |r 2025-04-22  |s 2025-01-07  |t 1  |w 2024-08-27  |y BK  |k CAC